Countries that lost territory after WWII - Statistics

General Stats
  • This quiz has been taken 598 times
    557 since last reset
  • The average score is 9 of 11
Answer Stats
Hint Answer % Correct
to several countries Germany
99%
to the Soviet Union Poland
93%
to several countries Japan
91%
to several countries Italy
90%
to the Soviet Union Finland
89%
to several countries Romania
85%
to Czechoslovakia Hungary
84%
to the Soviet Union Latvia
80%
to the Soviet Union Estonia
79%
to the Soviet Union Lithuania
79%
to the Soviet Union Czechoslovakia
48%
No matching quizzes found
Score Distribution
Percent of People with Each Score
Percentile by Number Answered
Your Score History
You have not taken this quiz since the last reset